000 00864nas a2200253 i 4500
001 445
003 ES-MaACL
005 20250731030152.0
007 t|
008 950801c1948 sp | | 1 ||pa d
080 _a460
245 0 0 _aBoletín de información del Ministerio de Agricultura.
260 _aMadrid :
_bMinisterio de Agricultura,
_c1948-
300 _a6 v. ;
_c31 cm.
310 _aBimestral
321 _aMensual,
_b1948-51
362 0 _aAño 1, n. 1 (mayo 1948)-n. 128 (nov.-dic. 1967)-N. 129/130/131 (1. semestre 1968)-
650 1 7 _aAgricultura
_2embne
_99670
710 1 _aEspaña.
_bMinisterio de Agricultura.
_93837
785 0 0 _tInformación agraria (Madrid. 1968)
852 _aES-MaACL
_jHem-590
866 0 _o1948-62(1963f.n.102)1964-65(1966f.n.118)1967(1968f.n.132-134)(1969f.n.135-136y139)1970-75(1976).
999 _c445
_d445